Регионална библиотека "Любен Каравелов" - Русе

Доктор Петър Берон (Запис номер 163447)

MARC детайли
000 -Лидер
Контролно поле с фиксирана дължина nam a22 a 4500
003 - Код на организацията, давaща контролен номер
Контролно поле BLK
005 - Дата и час на последна редакция
Контролно поле 20230405030316.0
008 - Елементи от данни с фиксирана дължина
fixed length control field 180410b bul|||||r ||||||| ||bul||
010 ## - Наследен системен номер
LC control number KNG00170857000
040 ## - Източник на каталожния запис
Идентификатор на билиотеката - собственик на записа BLK
041 ## - Код за език
Код за езика на текст/звукозапис или на отделно заглавие Български
Код за езика КДБФ Български
080 ## - УДК
Текстов определител УДК Българска литература
УДК код - определител по УДК 821.163.2
УДК определител -31
УДК - код + определител 821.163.2-31
080 ## - УДК
Текстов определител УДК Организация на възпитанието и образованието. Училищно дело.
УДК код - определител по УДК 37.09
УДК определител (497.2)(092)
УДК - код + определител 37.09(497.2)(092)
080 ## - УДК
Текстов определител УДК Атанасов, Петър Хаджиберович. Български лекар, стопански и просветен деец и и дарител, учен-енциклопедист, педагог, философ и естественик
УДК код - определител по УДК 929 Берон, Петър
УДК - код + определител 929 Берон, Петър
100 1# - Редна дума - Автор
Автор Попова-Мутафова, Фани Добрева
Дати, свързани с автора 1902-1977
Автор - информация (биография) писател
Авторска отговорност първи автор
R(LIN) 366640
139 ## - Редно поле
Редна дума Попова-Мутафова, Фани Добрева
Авторски знак Попов - П 76
245 10 - Сведения за заглавието
Заглавие Доктор Петър Берон
Подзаглавни данни Биогр. роман
Редно поле (дума) Фани Добрева Попова-Мутафова.
257 ## - Страна на издаване
Страна на създаване/издаване България
260 ## - Област на издателските данни
Място на издаване, разпространение и проч. София
Име на издателя, разпространителя и проч. Нар. младеж
Година на издаване 1972
300 ## - Физическа характеристика
Страници 412 с.
Илюстрации и др. с ил., факс., 8 л. ил., портр., факс.
Размери/Мащаб 22 см
380 ## - Жанр
Жанр Худож. лит.
490 ## - СЕРИИ (Колекции)
Име на серия Библиотека България в образи
9 (RLIN) 204857
490 ## - СЕРИИ (Колекции)
Име на серия Книги за видни българи
№: серия 20
9 (RLIN) 204612
500 ## - Общи забележки
Забележка 25 125 тир.
600 14 - Име на лице, използвано като предмет
За него / За нея Берон, Петър
9 (RLIN) 252404
852 ## - Местоположение
Форматна сигнатура Цб 61281
856 4# - Електронен адрес и достъп
Електронен формат pdf - файл
856 4# - Електронен адрес и достъп
Електронен формат pdf - файл
999 ## - СИСТЕМНИ КОНТРОЛНИ НОМЕРА
Koha biblionumber 163447
Koha biblioitemnumber 163447
942 ## - АРТИКУЛИ
Вид на библиотечния материал Книги
Скрит в OPAC Не
Периодичен библиозапис Да
944 ## - СЪЗДАВАНЕ И РЕДАКЦИЯ на ЗАПИСА
Създаване/Редакция Създаване
Дата на регистрацията/редакция 06.02.2015
Статус, дата на статуса 06.02.2015 - от С1,Р / 06.02.2015
Служител, извършил регистрацията/редакцията Камелия_Данева
944 ## - СЪЗДАВАНЕ И РЕДАКЦИЯ на ЗАПИСА
Създаване/Редакция Редакция
Дата на регистрацията/редакция 2022-08-01
Служител, извършил регистрацията/редакцията ир
999 ## - СИСТЕМНИ КОНТРОЛНИ НОМЕРА
Koha biblioitemnumber 163447
Наличности
Код за отписване Код за изгубен артикул Източник на класификационната схема Код за повреда Коз за рестрикции Код за отдаване Артикулен № Име на библиотеката - собственик Име на библиотеката, в която се намира в момента Статус (Текущо местоположение) Дата на вписване в системата Местоположение - отдел Цена в лева Инвентарен номер Систематично азбучна сигнатура Баркод Номер на екземпляра Цена в евро Служебна бележка Служебен тип на артикула Бележка за публиката
  Не е изгубен Universal Decimal Classification Не е повреден само за читалня ползва се в читалня 273986 Регионална библиотека "Любен Каравелов" Русе Регионална библиотека "Любен Каравелов" Русе Хранилище 1972-01-01 Хранилище 1.80 108657 Цб 61281 120000108657 1 0.92 N: стар фонд Дата: 01.01.1972 Книги  
Изтеглен Не е изгубен   Не е повреден без рестрикции заемане за дома 273987 Регионална библиотека "Любен Каравелов" Русе Регионална библиотека "Любен Каравелов" Русе   1972-01-01 Заемна - подръчен фонд 1.80 109231 П 886.7-31/П 76 109231 2 0.92 N: стар фонд Дата: 01.01.1972 Книги Отч.N: 24/2018 , Дата: 26.03.2018
Изтеглен Не е изгубен   Не е повреден без рестрикции заемане за дома 273988 Регионална библиотека "Любен Каравелов" Русе Регионална библиотека "Любен Каравелов" Русе   1972-01-01 Заемна - подръчен фонд 1.80 109233 П 886.7-31/П 76 109233 3 0.92 N: стар фонд Дата: 01.01.1972 Книги Отч.N: 11/2018 , Дата: 02.02.2018
Изтеглен Не е изгубен   Не е повреден без рестрикции заемане за дома 273989 Регионална библиотека "Любен Каравелов" Русе Регионална библиотека "Любен Каравелов" Русе   1972-01-01 Детски отдел 1.80 109385 ДХ 886.7/П 76 109385 4 0.92 N: стар фонд Дата: 01.01.1972 Дата инв: 09.09.2015 Бележки инв: Д2015 Книги Отч.N: 29/2017 , Дата: 17.08.2017
Изтеглен Не е изгубен   Не е повреден без рестрикции заемане за дома 273990 Регионална библиотека "Любен Каравелов" Русе Регионална библиотека "Любен Каравелов" Русе   1972-01-01 Детски отдел 1.80 109386 ДХ 886.7/П 76 109386 5 0.92 N: стар фонд Дата: 01.01.1972 Дата инв: 09.09.2015 Бележки инв: Д2015 Книги Отч.N: 29/2017 , Дата: 17.08.2017
Изтеглен Не е изгубен Universal Decimal Classification Не е повреден без рестрикции заемане за дома 273991 Регионална библиотека "Любен Каравелов" Русе Регионална библиотека "Любен Каравелов" Русе Детски отдел 1972-01-01 Детски отдел 1.80 109387 ДХ 886.7/П 76 109387 6 0.92 N: стар фонд Дата: 01.01.1972 Дата инв: 09.09.2015 Бележки инв: Д2015 Книги  
Vip Innovations Ltd, Rousse, Bulgaria 2025